LEADER 01006nam0-22002891i-450- 001 990006779650403321 005 20001010 035 $a000677965 035 $aFED01000677965 035 $a(Aleph)000677965FED01 035 $a000677965 100 $a20001010d--------km-y0itay50------ba 101 0 $aita 105 $ay-------001yy 200 1 $aIndagine comparativa sulle Abbazie benedettine di Tremiti e di Conversano. I$eIl problema dell'autonomia$fFrancesco M.De Robertis 210 $as.l$cs.e.$ds.d. 215 $a300 p.$d24 cm - 300 $aEstratto da : 3. Convegno sulla preistoria, protostoria e storia della Daunia. San Severo, 27-28-29 novembre 1981. Atti. 700 1$aDe Robertis,$bFrancesco M.$0187089 801 0$aIT$bUNINA$gRICA$2UNIMARC 901 $aBK 912 $a990006779650403321 952 $aBUSTA XIV O 12$b2726$fFSPBC 959 $aFSPBC 996 $aIndagine comparativa sulle Abbazie benedettine di Tremiti e di Conversano. I$9634664 997 $aUNINA DB $aGEN01 LEADER 03200nam 22004935 450 001 9910300757903321 005 20200705032740.0 010 $a9781484239391 010 $a1484239393 024 7 $a10.1007/978-1-4842-3939-1 035 $a(CKB)4100000007127597 035 $a(MiAaPQ)EBC5598584 035 $a(DE-He213)978-1-4842-3939-1 035 $a(CaSebORM)9781484239391 035 $a(PPN)232474591 035 $a(OCoLC)1082522728 035 $a(OCoLC)on1082522728 035 $a(EXLCZ)994100000007127597 100 $a20181112d2018 u| 0 101 0 $aeng 135 $aurcnu|||||||| 181 $ctxt$2rdacontent 182 $cc$2rdamedia 183 $acr$2rdacarrier 200 10$aPractical React Native $eBuild Two Full Projects and One Full Game using React Native /$fby Frank Zammetti 205 $a1st ed. 2018. 210 1$aBerkeley, CA :$cApress :$cImprint: Apress,$d2018. 215 $a1 online resource (342 pages) 311 08$a9781484239384 311 08$a1484239385 327 $a1. React Native: A Gentle Introduction -- 2. Getting to Know React Native -- 3. Restaurant Chooser, Part 1 -- 4. Restaurant Chooser, Part 2 -- 5. React Native Trivia, Part 1 -- 6. React Native Trivia, Part 2 -- 7. Time for Some Fun: A React Native Game, Part 1 -- 8. Time for Some Fun: A React Native Game, Part 2. 330 $aDiscover how to use React Native in the real world, from scratch. This book shows you what React Native has to offer, where it came from, and where it?s going. You'll begin with a solid foundation of practical knowledge, and then build on it immediately by constructing three different apps. You'll learn how to use each feature of React Native by working on two full projects and one full game. These aren?t just simple React Native Hello World examples (although you?ll naturally start there!) but are apps that you can, if you so choose, install on your mobile devices and use for real. Throughout this book, you'll gain real-world familiarity with React Native as well as supporting components from Expo, NativeBase, React Navigation and the Redux and Lodash libraries. You'll also build server-side code for a mobile React Native app to talk to using the popular Node.js and Socket.io library, providing you a holistic view of things even beyond React Native. And, you'll see many helpful tips, tricks and gotchas to watch out for along the way! Practical React Native offers practical exercises that will give you a solid grasp of building apps with React Native, allowing you to springboard into creating more advanced apps on your own.Creating a game with React Native will allow you to see a whole other perspective on what React Native can do. 606 $aComputer programming 606 $aWeb Development$3https://scigraph.springernature.com/ontologies/product-market-codes/I29050 615 0$aComputer programming. 615 14$aWeb Development. 676 $a650.0285535 700 $aZammetti$b Frank$4aut$4http://id.loc.gov/vocabulary/relators/aut$0872331 801 0$bUMI 801 1$bUMI 906 $aBOOK 912 $a9910300757903321 996 $aPractical React Native$92528355 997 $aUNINA